All Romanian Superliga Teams (2000-) - Statistics

General Stats
  • This quiz has been taken 102 times
  • The average score is 24 of 54
Answer Stats
Answer % Correct
FCSB
96%
Steaua București
96%
CFR Cluj
91%
Rapid București
88%
Dinamo București
87%
FC Universitatea 1948
85%
Universitatea Cluj
85%
Universitatea Craiova
84%
Viitorul Constanța
81%
Oțelul Galați
72%
Petrolul Ploiești
72%
Botoșani
68%
Politehnica Iași
68%
Sepsi OSK
66%
Argeș Pitești
63%
Astra Giurgiu
62%
Hermannstadt
62%
Politehnica Timișoara
62%
UTA Arad
60%
ACS Poli Timișoara
57%
Farul Constanța
53%
Voluntari
53%
Brașov
51%
Gloria Buzău
51%
Unirea Slobozia
46%
Unirea Urziceni
46%
Concordia Chiajna
44%
Vaslui
43%
Gaz Metan Mediaș
41%
ASA Târgu Mureș
40%
FCM Bacău
35%
Mioveni
35%
Pandurii Târgu Jiu
32%
Gloria Bistrița
31%
Dunărea Călărași
29%
Sportul Studențesc
28%
Ceahlăul Piatra Neamț
26%
Chindia Târgoviște
25%
Academica Clinceni
24%
Juventus București
21%
Național București
19%
Otopeni
18%
Voința Sibiu
18%
Bihor Oradea
16%
Unirea Alba Iulia
16%
Corona Brașov
13%
Săgeata Navodari
13%
Victoria Brănești
13%
Foresta Fălticeni
12%
Rocar București
12%
CS Turnu Severin
10%
Jiul Petroșani
9%
Internațional Curtea de Argeș
4%
UM Timișoara
1%
No matching quizzes found
Score Distribution
Percent of People with Each Score
Percentile by Number Answered
Your Score History
You have not taken this quiz